| 000 | 004320000a22001810004500 | ||
|---|---|---|---|
| 999 |
_c49317 _d49317 |
||
| 001 | 2171 | ||
| 003 | CO-MdFUSB | ||
| 005 | 20180712151443.0 | ||
| 008 | 180712b xxu||||| |||| 00| 0 eng d | ||
| 040 | _cCO-MdBIC | ||
| 082 | 0 | 4 | _a056 D64dca |
| 100 | 1 | _aDixon,Dougal | |
| 245 | 1 | 0 | _aDinosaurios Carnivoros |
| 260 | _aBogotá, Panamericana Editorial | ||
| 300 | _a32 p. | ||
| 650 | 1 | 4 | _aDinosuarios, texto documental |
| 942 | _cLGB | ||